Drapeaux des Etats non reconnus par l'ONU - Statistiques

Statistiques générales
  • Ce quiz a été pris 587 fois
  • Le résultat moyen est 6 sur 12
Statistiques - réponses
Par images Réponse % Correct
Kosovo
94%
Taïwan
92%
Palestine
87%
Chypre du Nord
60%
Abkhazie
47%
Ossétie du Sud
45%
Haut-Karabagh
41%
Somaliland
40%
Transnistrie
39%
République arabe sahraouie démocratique
9%
République populaire de Donetsk
4%
République populaire de Lougansk
3%
Aucun quiz correspondant
Distribution des résultats
% des personnes avec chaque résultat
Percentile par nombre de réponses
Votre historique - résultats
Vous n’avez pas pris ce quiz